[Event "10th dMP Batavia Blitz"]
[Site "Amsterdam NED"]
[Date "2018.02.22"]
[Round "1.1"]
[White "Kashlinskaya, Alina"]
[Black "Sokolov, Ivan"]
[Result "1-0"]
[WhiteTitle "IM"]
[BlackTitle "GM"]
[WhiteElo "2459"]
[BlackElo "2567"]
[WhiteFideId "4198026"]
[BlackFideId "14400030"]
[EventDate "2018.02.22"]

1. d4 Nf6 2. c4 e6 3. Nc3 Bb4 4. e3 O-O 5. Bd3 c5 6. Nf3 b6 7. O-O Bb7 8. Bd2
Nc6 9. a3 Bxc3 10. Bxc3 cxd4 11. exd4 h6 12. Bc2 d5 13. c5 Ne4 14. Qd3 f5 15. b4
b5 16. a4 a6 17. axb5 axb5 18. Qxb5 Nxc3 19. Qxb7 Ne2+ 20. Kh1 Ncxd4 21. Nxd4
Rxa1 22. Rxa1 Nxd4 23. Bd3 Qf6 24. Ra8 Rxa8 25. Qxa8+ Kh7 26. h3 Nb3 27. c6 Qc3
28. Qa6 Nd4 29. Bb5 f4 30. Bd3+ g6 31. Qb7+ Kg8 32. Bxg6 Qxc6 33. Qf7+ 1-0

[Event "10th dMP Batavia Blitz"]
[Site "Amsterdam NED"]
[Date "2018.02.22"]
[Round "1.2"]
[White "Nijboer, Friso"]
[Black "Beerdsen, Thomas"]
[Result "1-0"]
[WhiteTitle "GM"]
[BlackTitle "IM"]
[WhiteElo "2510"]
[BlackElo "2445"]
[WhiteFideId "1000063"]
[BlackFideId "1030108"]
[EventDate "2018.02.22"]

1. e4 c5 2. Nf3 a6 3. Nc3 Nc6 4. d4 cxd4 5. Nxd4 e5 6. Nf5 d6 7. g3 g6 8. Ne3
Be6 9. Bg2 Bg7 10. O-O Nge7 11. Ned5 O-O 12. Bg5 f6 13. Be3 f5 14. Bb6 Qd7 15.
Nc7 Rac8 16. Nxe6 Qxe6 17. Nd5 Kh8 18. c3 f4 19. Qd3 Nb8 20. f3 Nxd5 21. exd5
Qe7 22. Bh3 Nd7 23. Bxd7 Qxd7 24. g4 Rfe8 25. Rfe1 Qa4 26. Re2 Re7 27. b3 Qe8
28. Rae1 Qf7 29. c4 h5 30. h3 Bf6 31. b4 Bh4 32. Rc1 Qe8 33. c5 Bf6 34. Qe4 hxg4
35. hxg4 Kg7 36. c6 bxc6 37. dxc6 Qf7 38. c7 d5 39. Qd3 e4 40. fxe4 dxe4 41.
Rxe4 Rxe4 42. Qxe4 Qxa2 1-0

[Event "10th dMP Batavia Blitz"]
[Site "Amsterdam NED"]
[Date "2018.02.22"]
[Round "1.3"]
[White "Vrolijk, Liam"]
[Black "Kevlishvili, Robby"]
[Result "0-1"]
[WhiteTitle "FM"]
[BlackTitle "IM"]
[WhiteElo "2427"]
[BlackElo "2469"]
[WhiteFideId "1048333"]
[BlackFideId "1040634"]
[EventDate "2018.02.22"]

1. Nf3 g6 2. e4 Bg7 3. d4 d6 4. Bc4 c6 5. Bb3 d5 6. exd5 cxd5 7. O-O Nf6 8. h3
O-O 9. Bf4 Nc6 10. c3 Bf5 11. Nh4 Bd7 12. Nd2 b5 13. Nhf3 Rc8 14. Re1 b4 15. Rc1
bxc3 16. bxc3 Na5 17. Ne5 e6 18. Qe2 Nc6 19. Nd3 Re8 20. Nf3 Ne4 21. Nd2 Nxd2
22. Qxd2 Na5 23. Ne5 Bb5 24. Bh6 Nc4 25. Bxc4 Bxc4 26. Rb1 Ba6 27. Ng4 Bh8 28.
Qf4 f5 29. Bg5 Qc7 30. Ne5 Qxc3 31. Rec1 Qa3 32. Rxc8 Rxc8 33. Nd7 Bd3 34. Re1
Be4 35. Nc5 Bxd4 36. Nxe6 Bh8 37. Qh4 Qc3 38. Rc1 Bc2 39. Be3 Qb2 40. Qe7 Bf6
41. Qd7 Rb8 42. Re1 Qe5 43. Rf1 f4 44. Bd4 Qf5 45. g4 fxg3 46. Bxf6 Qxf6 47.
fxg3 Bf5 48. Qc7 Re8 49. Nf4 Qd4+ 50. Kh2 Qd2+ 51. Kh1 Be4+ 52. Kg1 Qe3+ 53. Kh2
Rf8 54. Qe5 Qd2+ 55. Kg1 Qe3+ 56. Kh2 Qb6 57. Qc3 g5 58. Qe5 gxf4 59. Rxf4 Rxf4
60. gxf4 Qf2# 0-1

[Event "10th dMP Batavia Blitz"]
[Site "Amsterdam NED"]
[Date "2018.02.22"]
[Round "1.4"]
[White "Santos Ruiz, Miguel"]
[Black "Zatonskih, Anna"]
[Result "1-0"]
[WhiteTitle "IM"]
[BlackTitle "IM"]
[WhiteElo "2505"]
[BlackElo "2447"]
[WhiteFideId "22291482"]
[BlackFideId "14101572"]
[EventDate "2018.02.22"]

1. e4 d5 2. exd5 Qxd5 3. d4 Nf6 4. Nf3 c6 5. c4 Qd8 6. Nc3 Bg4 7. Be3 e6 8. h3
Bh5 9. g4 Bg6 10. Ne5 Nbd7 11. Qb3 Qb6 12. Nxg6 hxg6 13. Be2 Qc7 14. h4 Bd6 15.
O-O-O O-O-O 16. Kb1 Kb8 17. g5 Nh5 18. d5 Nf4 19. Bf3 exd5 20. cxd5 Ne5 21. Be4
Nh5 22. dxc6 Nxc6 23. Nb5 Qe7 24. Bxc6 bxc6 25. Nxd6+ Ka8 26. Nc4 Rb8 27. Qc2
Rb4 28. Nd6 Qc7 29. Bc5 Rbb8 30. Rhe1 Nf4 31. Qa4 Ne6 32. Bxa7 1-0

[Event "10th dMP Batavia Blitz"]
[Site "Amsterdam NED"]
[Date "2018.02.22"]
[Round "1.5"]
[White "Fier, Alexandr"]
[Black "Bosboom, Manuel"]
[Result "1-0"]
[WhiteTitle "GM"]
[BlackTitle "IM"]
[WhiteElo "2544"]
[BlackElo "2403"]
[WhiteFideId "2107139"]
[BlackFideId "1000080"]
[EventDate "2018.02.22"]

1. d4 Nf6 2. Bg5 e6 3. e4 h6 4. Bxf6 Qxf6 5. c3 d6 6. Bd3 e5 7. Ne2 Nc6 8. O-O
g5 9. Bb5 a6 10. Bxc6+ bxc6 11. Ng3 Rb8 12. dxe5 Qxe5 13. Nd2 Be6 14. Nf3 Qb5
15. b3 Bg7 16. Nd4 Qc5 17. Ngf5 Be5 18. Qh5 Kd8 19. Rac1 a5 20. Rfd1 Kc8 21.
Nxc6 Qxc6 22. Ne7+ Kd7 23. Nxc6 Kxc6 24. Rd5 a4 25. Qd1 axb3 26. axb3 Rb6 27.
Ra1 Rhb8 28. b4 f6 29. Qa4+ Kb7 30. Ra5 Kc8 31. Qe8+ 1-0

[Event "10th dMP Batavia Blitz"]
[Site "Amsterdam NED"]
[Date "2018.02.22"]
[Round "2.1"]
[White "Sokolov, Ivan"]
[Black "Bosboom, Manuel"]
[Result "1/2-1/2"]
[WhiteTitle "GM"]
[BlackTitle "IM"]
[WhiteElo "2567"]
[BlackElo "2403"]
[WhiteFideId "14400030"]
[BlackFideId "1000080"]
[EventDate "2018.02.22"]

1. d4 Nf6 2. c4 g6 3. Nc3 Bg7 4. e4 d6 5. Be2 Nbd7 6. Be3 a6 7. Nf3 Ng4 8. Bg5
h6 9. Bh4 c5 10. d5 O-O 11. Nd2 Ngf6 12. O-O e5 13. Kh1 Qe8 14. a3 Nh7 15. Rb1
h5 16. Bg3 Qe7 17. h3 h4 18. Bh2 f5 19. b4 b6 20. bxc5 bxc5 21. Nb3 Bh6 22. Na5
Qg5 23. f4 exf4 24. Bxf4 Qxf4 25. Rxf4 Bxf4 26. exf5 gxf5 27. Nc6 Ne5 28. Bd3
Nf6 29. Bxf5 Bxf5 30. Ne7+ Kh8 31. Nxf5 Ra7 32. Nxh4 Rh7 33. Nf5 Nh5 34. g4 Ng3+
35. Kg2 Nxf5 36. gxf5 Rg8+ 37. Kf2 Rxh3 38. Qf1 Rh2+ 39. Ke1 Bd2+ 40. Kd1 Bxc3
41. Rb3 Rg3 42. f6 Nf7 43. Rb7 Bd4 44. Rxf7 Rg1 45. Qxg1 Bxg1 46. Rd7 Kg8 47.
Rg7+ Kf8 48. Rxg1 Ra2 49. Rg7 Rxa3 50. Rd7 Rc3 51. Rxd6 a5 52. Ke2 Rxc4 53. Ke3
a4 54. Ra6 Kf7 55. Kd3 Rd4+ 56. Kc3 Rxd5 57. Rxa4 Kxf6 58. Ra5 1/2-1/2

[Event "10th dMP Batavia Blitz"]
[Site "Amsterdam NED"]
[Date "2018.02.22"]
[Round "2.2"]
[White "Zatonskih, Anna"]
[Black "Fier, Alexandr"]
[Result "0-1"]
[WhiteTitle "IM"]
[BlackTitle "GM"]
[WhiteElo "2447"]
[BlackElo "2544"]
[WhiteFideId "14101572"]
[BlackFideId "2107139"]
[EventDate "2018.02.22"]

1. e4 Nf6 2. e5 Nd5 3. d4 d6 4. c4 Nb6 5. exd6 cxd6 6. Nc3 g6 7. Be3 Bg7 8. Rc1
O-O 9. b3 Bf5 10. d5 e5 11. dxe6 Bxe6 12. Nf3 Nc6 13. Be2 d5 14. c5 Nc8 15. Nb5
Qa5+ 16. Qd2 Qxd2+ 17. Kxd2 N8e7 18. Nbd4 Nf5 19. Nxf5 Bxf5 20. Rhd1 d4 21. Bf4
Rfe8 22. Bd3 Bxd3 23. Kxd3 Nb4+ 24. Kc4 Nxa2 25. Rc2 Nc3 26. Rd3 b5+ 27. cxb6
Rec8+ 28. Bc7 axb6 0-1

[Event "10th dMP Batavia Blitz"]
[Site "Amsterdam NED"]
[Date "2018.02.22"]
[Round "2.3"]
[White "Kevlishvili, Robby"]
[Black "Santos Ruiz, Miguel"]
[Result "1-0"]
[WhiteTitle "IM"]
[BlackTitle "IM"]
[WhiteElo "2469"]
[BlackElo "2505"]
[WhiteFideId "1040634"]
[BlackFideId "22291482"]
[EventDate "2018.02.22"]

1. e4 c5 2. Nc3 g6 3. Nf3 Bg7 4. d4 cxd4 5. Nxd4 Nc6 6. Nde2 Nf6 7. g3 b6 8. Bg2
Ba6 9. O-O O-O 10. Re1 Rc8 11. Nf4 d6 12. h4 h5 13. Ncd5 Ng4 14. c3 e6 15. Ne3
Nce5 16. Bh3 Nxe3 17. Bxe3 Qd7 18. Bd4 Qb5 19. b3 Qc6 20. Bg2 Rfd8 21. Nh3 Nd3
22. Bxg7 Kxg7 23. Re3 Qxc3 24. Bf1 Qxa1 25. Qxa1+ 1-0

[Event "10th dMP Batavia Blitz"]
[Site "Amsterdam NED"]
[Date "2018.02.22"]
[Round "2.4"]
[White "Beerdsen, Thomas"]
[Black "Vrolijk, Liam"]
[Result "1-0"]
[WhiteTitle "IM"]
[BlackTitle "FM"]
[WhiteElo "2445"]
[BlackElo "2427"]
[WhiteFideId "1030108"]
[BlackFideId "1048333"]
[EventDate "2018.02.22"]

1. e4 c6 2. b3 d5 3. Bb2 dxe4 4. Nc3 Nf6 5. Nge2 Bf5 6. Ng3 Bg6 7. Qe2 e6 8.
Ncxe4 Nbd7 9. O-O-O Be7 10. Kb1 Qc7 11. h4 h6 12. Nxf6+ Nxf6 13. d3 O-O-O 14.
Qe3 Qa5 15. Ne2 Ba3 16. Nc3 Bxb2 17. Kxb2 Kb8 18. g3 Qc7 19. Bg2 Rhe8 20. Rhe1
Bh5 21. Rd2 Qd7 22. Na4 Qd4+ 23. Qxd4 Rxd4 24. Nc5 Bg6 25. Rde2 Kc7 26. Bh3 b6
27. Na4 Bh5 28. Re5 Bg4 29. Bg2 Nd7 30. R5e3 Bf5 31. Kc3 Rd6 32. Nb2 b5 33. a4
Kb6 34. Kd2 Nf6 35. Re5 Red8 36. a5+ Kc7 37. Rc5 Nd7 38. Rc3 Nb8 39. Nd1 Bg6 40.
Ne3 Rd4 41. Nf1 Kd6 42. Nh2 Bh5 43. Ke3 c5 44. Bf3 Bg6 45. Be2 Nc6 46. Nf3 Rb4
47. a6 Nd4 48. Kd2 Nc6 49. Bf1 Ne7 50. Ne5 Nd5 51. Bg2 Nxc3 52. Kxc3 Rd4 53. Nc6
b4+ 54. Kd2 Rd7 55. Nxd4 cxd4 56. Ra1 Rd8 57. Ra5 Rb8 58. Bb7 e5 59. Rb5 f6 60.
Rxb4 Bf7 61. Rb5 Be6 62. c4 f5 63. b4 g5 64. hxg5 hxg5 65. Ra5 Rh8 66. c5+ Kc7
67. b5 Rh2 68. Ke2 Rh8 69. Ra1 f4 70. gxf4 gxf4 71. Rg1 Kd8 72. b6 f3+ 73. Bxf3
axb6 74. cxb6 e4 75. Bxe4 Kd7 76. a7 1-0

[Event "10th dMP Batavia Blitz"]
[Site "Amsterdam NED"]
[Date "2018.02.22"]
[Round "2.5"]
[White "Kashlinskaya, Alina"]
[Black "Nijboer, Friso"]
[Result "0-1"]
[WhiteTitle "IM"]
[BlackTitle "GM"]
[WhiteElo "2459"]
[BlackElo "2510"]
[WhiteFideId "4198026"]
[BlackFideId "1000063"]
[EventDate "2018.02.22"]

1. d4 Nf6 2. c4 g6 3. Nc3 Bg7 4. e4 d6 5. f4 O-O 6. Nf3 Bg4 7. Be2 Bxf3 8. Bxf3
e5 9. fxe5 dxe5 10. d5 Nbd7 11. Be3 Ne8 12. c5 Bh6 13. Bf2 Qe7 14. b4 a5 15. a3
b6 16. d6 cxd6 17. Nd5 Qd8 18. cxb6 axb4 19. axb4 Rb8 20. O-O Nef6 21. Bh4 g5
22. Nxf6+ Qxf6 23. Bg4 Qe7 24. Ra7 gxh4 25. Rxd7 Qg5 26. Rdxf7 Rxf7 27. Be6 h3
28. Bxf7+ Kh8 29. Qf3 hxg2 30. Qxg2 Rxb6 31. Bd5 Qxg2+ 32. Kxg2 Rxb4 33. Rf6 Bf4
34. Rxd6 Rb2+ 35. Kf3 Rxh2 36. Rd8+ Kg7 37. Rg8+ Kf6 38. Rg2 Rh1 39. Ra2 h5 40.
Ra6+ Ke7 41. Re6+ Kd7 42. Rg6 h4 43. Rg7+ Kd6 44. Rg6+ Kc5 45. Rg4 0-1

[Event "10th dMP Batavia Blitz"]
[Site "Amsterdam NED"]
[Date "2018.02.22"]
[Round "3.1"]
[White "Nijboer, Friso"]
[Black "Sokolov, Ivan"]
[Result "1-0"]
[WhiteTitle "GM"]
[BlackTitle "GM"]
[WhiteElo "2510"]
[BlackElo "2567"]
[WhiteFideId "1000063"]
[BlackFideId "14400030"]
[EventDate "2018.02.22"]

1. e4 e5 2. Nf3 Nc6 3. Bc4 Bc5 4. c3 Nf6 5. d3 d6 6. O-O a6 7. a4 Ba7 8. Na3 h6
9. Nc2 O-O 10. Be3 Re8 11. Bxa7 Rxa7 12. Re1 a5 13. Ne3 Ra8 14. Nf1 Be6 15. Ng3
Bxc4 16. dxc4 Ne7 17. c5 Ng6 18. cxd6 cxd6 19. Qb3 Qc7 20. Rad1 Rad8 21. Nf5 Nf4
22. g3 Ne6 23. Nd2 g6 24. Ne3 Nc5 25. Qb5 Qc6 26. Qxc6 bxc6 27. Ndc4 Nfxe4 28.
Nxa5 Nxa4 29. f3 Ng5 30. Kg2 Nxb2 31. Rd2 Na4 32. Nxc6 Rc8 33. Rxd6 Kg7 34. h4
Ne6 35. Nd5 Nec5 36. Nxe5 Nb2 37. f4 Nc4 38. Nxc4 Rxe1 39. Ne5 Ra8 40. Rc6 Ra2+
41. Kf3 Ne4 42. Nd3 Rf1+ 43. Kxe4 Rg2 44. Rc7 Re2+ 45. Kd4 1-0

[Event "10th dMP Batavia Blitz"]
[Site "Amsterdam NED"]
[Date "2018.02.22"]
[Round "3.2"]
[White "Vrolijk, Liam"]
[Black "Kashlinskaya, Alina"]
[Result "1-0"]
[WhiteTitle "FM"]
[BlackTitle "IM"]
[WhiteElo "2427"]
[BlackElo "2459"]
[WhiteFideId "1048333"]
[BlackFideId "4198026"]
[EventDate "2018.02.22"]

1. d4 Nf6 2. Bf4 g6 3. e3 Bg7 4. h3 d6 5. Nf3 O-O 6. c3 Nc6 7. Be2 Nd7 8. O-O e5
9. Bh2 Qe7 10. Na3 f5 11. b4 exd4 12. cxd4 Kh8 13. b5 Nd8 14. Rc1 Nf6 15. Qc2
Ne6 16. Rfd1 Bd7 17. Nb1 Rac8 18. Nc3 c6 19. Qb3 Ne4 20. Bd3 Nxc3 21. Rxc3 c5
22. Bf1 cxd4 23. Rxc8 Rxc8 24. exd4 f4 25. Re1 Qf6 26. Qd5 Nxd4 27. Nxd4 Qxd4
28. Qxb7 Bf5 29. Qf3 g5 30. Rd1 Qb6 31. Qd5 Be5 32. h4 Rc2 33. Rd2 Be4 34. Qf7
h6 35. Rxc2 Bxc2 36. Bc4 Qd8 37. hxg5 hxg5 38. Qxa7 d5 39. Bf1 d4 40. Qc5 Qc7
41. Qf8+ Kh7 42. b6 Qxb6 43. Qe7+ Bg7 44. Qxg5 Qh6 45. Bxf4 Qxg5 46. Bxg5 d3 47.
Bd2 Bd4 48. g3 Kg6 49. Kg2 Kf5 50. Kf3 Bd1+ 51. Kg2 Bc2 52. f3 Bb1 53. g4+ Ke6
54. f4 Bxa2 55. Bxd3 Bd5+ 56. Kg3 Kf7 57. g5 Bc5 58. Bc3 Bd6 59. g6+ Kg8 60. Kg4
Be6+ 61. f5 Bd5 62. f6 Be6+ 63. Kg5 Bd5 64. Be2 Be6 65. Bh5 Bc4 66. f7+ Kf8 67.
g7+ 1-0

[Event "10th dMP Batavia Blitz"]
[Site "Amsterdam NED"]
[Date "2018.02.22"]
[Round "3.3"]
[White "Santos Ruiz, Miguel"]
[Black "Beerdsen, Thomas"]
[Result "1-0"]
[WhiteTitle "IM"]
[BlackTitle "IM"]
[WhiteElo "2505"]
[BlackElo "2445"]
[WhiteFideId "22291482"]
[BlackFideId "1030108"]
[EventDate "2018.02.22"]

1. c4 c5 2. g3 g6 3. Bg2 Bg7 4. Nc3 Nc6 5. d3 e6 6. h4 h6 7. e4 Nge7 8. Nge2 d6
9. Be3 Ne5 10. d4 Ng4 11. Bc1 cxd4 12. Nxd4 Qb6 13. Qxg4 Bxd4 14. O-O a6 15. Rd1
Nc6 16. Qe2 Bd7 17. Bf4 Ne5 18. Rac1 Rc8 19. b3 Qa7 20. Qd2 Nc6 21. Bxd6 g5 22.
hxg5 hxg5 23. c5 f6 24. Ne2 Be5 25. f4 gxf4 26. gxf4 Bxd6 27. Qxd6 Rd8 28. Kf2
Bc8 29. Qc7 Rxd1 30. Qxc8+ Kf7 31. Qc7+ Kg6 32. f5+ exf5 33. exf5+ Kg5 34. Qf4+
Kh5 35. Bf3# 1-0

[Event "10th dMP Batavia Blitz"]
[Site "Amsterdam NED"]
[Date "2018.02.22"]
[Round "3.4"]
[White "Fier, Alexandr"]
[Black "Kevlishvili, Robby"]
[Result "1-0"]
[WhiteTitle "GM"]
[BlackTitle "IM"]
[WhiteElo "2544"]
[BlackElo "2469"]
[WhiteFideId "2107139"]
[BlackFideId "1040634"]
[EventDate "2018.02.22"]

1. d4 Nf6 2. Bg5 Ne4 3. Bf4 d5 4. e3 e6 5. Bd3 Bd6 6. Bxe4 dxe4 7. Ne2 f5 8. c4
Nd7 9. Nbc3 Nf6 10. Qc2 b6 11. O-O-O Bb7 12. h3 Qd7 13. Nb5 a6 14. Nbc3 O-O-O
15. Kb1 Kb8 16. Be5 Qe7 17. Bxd6 cxd6 18. Qb3 Qc7 19. Nf4 Rde8 20. d5 exd5 21.
Ncxd5 Nxd5 22. Nxd5 Bxd5 23. Rxd5 Re5 24. Rhd1 Rxd5 25. Rxd5 g6 26. Qb4 Rd8 27.
a4 Ka7 28. a5 bxa5 29. Qc3 Qb6 30. Rxa5 Rc8 31. Rd5 Kb7 32. Kc2 Qc6 33. Rd4 Qc5
34. b4 Qc6 35. Kb3 Ka7 36. Qa1 Kb7 37. Qa5 Rc7 38. g4 fxg4 39. hxg4 Rf7 40. Qa2
h5 41. gxh5 gxh5 42. Qc2 Re7 43. Rd5 h4 44. Rh5 Rc7 45. Qc3 d5 46. c5 a5 47.
Rxh4 axb4 48. Qxb4+ Ka7 49. Qa5+ Kb7 50. Kb4 Kc8 51. Qb6 Rb7 52. Rh8+ Kd7 53.
Rh7+ Kc8 54. Rxb7 1-0

[Event "10th dMP Batavia Blitz"]
[Site "Amsterdam NED"]
[Date "2018.02.22"]
[Round "3.5"]
[White "Bosboom, Manuel"]
[Black "Zatonskih, Anna"]
[Result "1-0"]
[WhiteTitle "IM"]
[BlackTitle "IM"]
[WhiteElo "2403"]
[BlackElo "2447"]
[WhiteFideId "1000080"]
[BlackFideId "14101572"]
[EventDate "2018.02.22"]

1. c4 e5 2. b3 d6 3. Bb2 f5 4. Qc2 Nf6 5. e3 c6 6. c5 Be6 7. Nf3 Nbd7 8. cxd6
Bxd6 9. Ng5 Qe7 10. Nc3 Nb6 11. Nxe6 Qxe6 12. g3 O-O 13. Bh3 e4 14. Ne2 Be5 15.
Nf4 Bxf4 16. gxf4 Rad8 17. Rg1 Rf7 18. Rg5 Rd5 19. O-O-O h6 20. Rg6 Kh7 21. Rdg1
Nbd7 22. Kb1 a5 23. R6g3 b5 24. f3 a4 25. fxe4 Qxe4 26. Qxe4 Nxe4 27. Rxg7+ Rxg7
28. Rxg7+ 1-0

[Event "10th dMP Batavia Blitz"]
[Site "Amsterdam NED"]
[Date "2018.02.22"]
[Round "4.1"]
[White "Zatonskih, Anna"]
[Black "Sokolov, Ivan"]
[Result "0-1"]
[WhiteTitle "IM"]
[BlackTitle "GM"]
[WhiteElo "2447"]
[BlackElo "2567"]
[WhiteFideId "14101572"]
[BlackFideId "14400030"]
[EventDate "2018.02.22"]

1. d4 Nf6 2. c4 e6 3. Nc3 Bb4 4. Qc2 d6 5. Bd2 Nbd7 6. a3 Bxc3 7. Bxc3 b6 8. e4
O-O 9. e5 Ne8 10. f4 Bb7 11. Nf3 c5 12. O-O-O Bxf3 13. gxf3 cxd4 14. Bxd4 Qh4
15. exd6 Qxf4+ 16. Kb1 e5 17. Bc3 Rd8 18. Rg1 g6 19. Rg4 Qxf3 20. Rg3 Qf6 21.
Bh3 Nxd6 22. Bxd7 Rxd7 23. Re3 Nxc4 24. Ree1 Rxd1+ 25. Rxd1 Ne3 0-1

[Event "10th dMP Batavia Blitz"]
[Site "Amsterdam NED"]
[Date "2018.02.22"]
[Round "4.2"]
[White "Kevlishvili, Robby"]
[Black "Bosboom, Manuel"]
[Result "1-0"]
[WhiteTitle "IM"]
[BlackTitle "IM"]
[WhiteElo "2469"]
[BlackElo "2403"]
[WhiteFideId "1040634"]
[BlackFideId "1000080"]
[EventDate "2018.02.22"]

1. d4 Nf6 2. Nf3 g6 3. Bf4 Bg7 4. e3 d6 5. h3 O-O 6. Nbd2 c5 7. c3 Be6 8. Be2
Qb6 9. Qc1 Rc8 10. O-O Nc6 11. dxc5 Qxc5 12. Nb3 Qb6 13. Nbd4 Bd7 14. Bh2 a6 15.
a4 Na5 16. Nd2 e5 17. Nc2 Be6 18. Ra3 h5 19. Rd1 Qc7 20. b4 Nc6 21. a5 Qd7 22.
Qb2 Bxh3 23. gxh3 Qxh3 24. Raa1 Ne7 25. Bf1 Qg4+ 26. Kh1 Nf5 27. Bg2 Nh4 28. Rg1
Nxg2 29. Rxg2 Qe2 30. f4 Qd3 31. fxe5 dxe5 32. Bxe5 Re8 33. Bd4 Rad8 34. Ne1 Qf5
35. Nef3 Bh6 36. Rf1 Ng4 37. Qb1 Qxb1 38. Rxb1 Nxe3 39. Bxe3 Rxe3 40. c4 Red3
41. Rb2 Bg7 42. Ra2 Bc3 43. b5 Kg7 44. bxa6 bxa6 45. c5 Bf6 46. Ne4 Rxf3 47.
Rgc2 Be5 48. Kg2 Rf4 49. Nf2 Rf5 50. c6 Bc7 51. Rab2 Rg5+ 52. Kf3 Rf5+ 53. Kg2
h4 54. Rb7 Rc8 55. Ne4 Rf4 56. Nc5 Kh6 57. Nxa6 Be5 58. c7 Rg4+ 59. Kf3 Rg3+ 60.
Ke4 Re8 61. c8=Q Rg4+ 62. Qxg4 f5+ 63. Qxf5 gxf5+ 64. Kxf5 h3 65. Rc6+ 1-0

[Event "10th dMP Batavia Blitz"]
[Site "Amsterdam NED"]
[Date "2018.02.22"]
[Round "4.3"]
[White "Beerdsen, Thomas"]
[Black "Fier, Alexandr"]
[Result "0-1"]
[WhiteTitle "IM"]
[BlackTitle "GM"]
[WhiteElo "2445"]
[BlackElo "2544"]
[WhiteFideId "1030108"]
[BlackFideId "2107139"]
[EventDate "2018.02.22"]

1. e4 c5 2. Nf3 Nc6 3. c3 d5 4. exd5 Qxd5 5. d4 Bf5 6. Be2 cxd4 7. cxd4 Bxb1 8.
Rxb1 Qxa2 9. Bg5 Qa5+ 10. b4 Qd5 11. b5 Nd8 12. O-O Nf6 13. Ne5 e6 14. Bf3 Qd6
15. Bf4 Qa3 16. d5 exd5 17. Bxd5 Be7 18. Nc4 Qc5 19. Ne3 O-O 20. Nf5 Nxd5 21.
Qxd5 Ne6 22. Rfc1 Nxf4 23. Rxc5 Nxd5 24. Rxd5 Rfe8 25. Rd7 Bc5 26. Rxb7 Re5 27.
Ng3 g6 28. h3 Bb6 29. Rd1 Rxb5 30. Rdd7 Rf8 31. Ne4 Kg7 32. Nd6 Rd5 33. Rxf7+
Rxf7 34. Nxf7 Kf6 35. Nh6 Rd1+ 36. Kh2 Rb1 37. Rxh7 a5 38. Ng4+ Ke6 39. Rh8 Kd5
40. Rg8 a4 41. Ra8 Rb4 42. Nf6+ Kc4 43. Ne4 Kb3 44. Nd2+ Kc2 45. Nf3 Bc7+ 46. g3
Kb2 47. Ne1 Rd4 48. Nf3 Rc4 49. Nd2 Rb4 50. Ra7 Bb6 51. Ra6 Bxf2 52. g4 Be3 53.
Nf1 Bf4+ 54. Kg2 a3 55. Kf3 a2 0-1

[Event "10th dMP Batavia Blitz"]
[Site "Amsterdam NED"]
[Date "2018.02.22"]
[Round "4.4"]
[White "Kashlinskaya, Alina"]
[Black "Santos Ruiz, Miguel"]
[Result "1-0"]
[WhiteTitle "IM"]
[BlackTitle "IM"]
[WhiteElo "2459"]
[BlackElo "2505"]
[WhiteFideId "4198026"]
[BlackFideId "22291482"]
[EventDate "2018.02.22"]

1. d4 d6 2. Nf3 Nf6 3. c4 g6 4. Nc3 Bf5 5. e3 Ne4 6. Nxe4 Bxe4 7. Ng5 Bf5 8. e4
Bd7 9. Be2 Bg7 10. O-O Nc6 11. Be3 e5 12. d5 Nd4 13. Nf3 Nxf3+ 14. Bxf3 O-O 15.
Be2 f5 16. f3 fxe4 17. fxe4 Qh4 18. Bd3 Bh6 19. Bf2 Qg5 20. Qc2 Rf7 21. c5 Raf8
22. c6 bxc6 23. dxc6 Bh3 24. Bxa7 Kg7 25. Rxf7+ Rxf7 26. Rf1 Re7 27. b4 Re8 28.
b5 Ra8 29. b6 cxb6 30. Bxb6 Ra3 31. Bc4 Rc3 32. Rf7+ Kh8 33. Qf2 Rc1+ 1-0

[Event "10th dMP Batavia Blitz"]
[Site "Amsterdam NED"]
[Date "2018.02.22"]
[Round "4.5"]
[White "Nijboer, Friso"]
[Black "Vrolijk, Liam"]
[Result "1/2-1/2"]
[WhiteTitle "GM"]
[BlackTitle "FM"]
[WhiteElo "2510"]
[BlackElo "2427"]
[WhiteFideId "1000063"]
[BlackFideId "1048333"]
[EventDate "2018.02.22"]

1. e4 c6 2. d4 g6 3. Nf3 d5 4. Nc3 Bg7 5. h3 Nh6 6. Bf4 f6 7. exd5 cxd5 8. Nb5
Na6 9. c4 O-O 10. cxd5 Qxd5 11. Nc3 Qd8 12. Bc4+ Nf7 13. O-O Kh8 14. Re1 Nd6 15.
Bb3 Bf5 16. Nd5 e6 17. Ne3 Re8 18. Rc1 Be4 19. Nd2 Bc6 20. d5 exd5 21. Nxd5
Rxe1+ 22. Qxe1 Nf5 23. Ne3 Nd4 24. Bc4 Qd7 25. Nb3 Nxb3 26. Bxb3 Qe7 27. Bd5 Nb4
28. Bxc6 Nxc6 29. Nd5 Qf7 30. Nc3 Re8 31. Qd2 Rd8 32. Qe1 Re8 33. Qd2 Rd8 34.
Qe1 Re8 35. Qd2 1/2-1/2

[Event "10th dMP Batavia Blitz"]
[Site "Amsterdam NED"]
[Date "2018.02.22"]
[Round "5.1"]
[White "Vrolijk, Liam"]
[Black "Sokolov, Ivan"]
[Result "0-1"]
[WhiteTitle "FM"]
[BlackTitle "GM"]
[WhiteElo "2427"]
[BlackElo "2567"]
[WhiteFideId "1048333"]
[BlackFideId "14400030"]
[EventDate "2018.02.22"]

1. Nf3 Nf6 2. c4 b6 3. g3 Bb7 4. Bg2 g6 5. O-O Bg7 6. d4 Na6 7. d5 Ne4 8. Nfd2
Nd6 9. Nc3 f5 10. e4 Nc5 11. Qe2 fxe4 12. Ncxe4 Nf5 13. Nxc5 bxc5 14. Nb3 d6 15.
Bf4 Bc8 16. Rfe1 O-O 17. Rad1 Rb8 18. Bg5 Rf7 19. Bc1 Qf8 20. f4 Bd7 21. Kh1 Ba4
22. Rd3 Rb4 23. Na5 Nd4 24. Qe4 Bc2 25. b3 Rb6 26. Bd2 g5 27. Qe3 gxf4 28. gxf4
Nf5 29. Qh3 Bxd3 30. Qxd3 Kh8 31. Bh3 Nd4 32. Be3 Rb8 33. Bxd4 Bxd4 34. Nc6 Re8
35. f5 Qh6 36. Bg4 Bf6 37. Qf3 Rg8 38. h3 Rfg7 39. Re4 Qc1+ 40. Kh2 h5 41. Bxh5
Qg1# 0-1

[Event "10th dMP Batavia Blitz"]
[Site "Amsterdam NED"]
[Date "2018.02.22"]
[Round "5.2"]
[White "Santos Ruiz, Miguel"]
[Black "Nijboer, Friso"]
[Result "0-1"]
[WhiteTitle "IM"]
[BlackTitle "GM"]
[WhiteElo "2505"]
[BlackElo "2510"]
[WhiteFideId "22291482"]
[BlackFideId "1000063"]
[EventDate "2018.02.22"]

1. d4 Nf6 2. Nf3 g6 3. c4 Bg7 4. Nc3 O-O 5. g3 d6 6. Bg2 Nc6 7. O-O Rb8 8. Bf4
h6 9. d5 e5 10. dxe6 Bxe6 11. Qd3 Nb4 12. Qd2 g5 13. Be3 Bxc4 14. Bxa7 Ra8 15.
Be3 c5 16. Rfd1 Nbd5 17. b3 Nxe3 18. Qxe3 Be6 19. Nb5 Ng4 20. Qd2 Bxa1 21. Rxa1
Bxb3 22. Nxd6 Ra6 23. Nf5 Qxd2 24. Nxd2 Bc2 25. Ne7+ Kg7 26. Nd5 Rfa8 27. Rc1
Rxa2 28. Nc3 Ra1 29. Rxa1 Rxa1+ 30. Bf1 Nf6 31. e4 Bd3 32. e5 Nd7 33. f4 gxf4
34. gxf4 Bxf1 35. Nxf1 Rc1 36. Ne4 b5 37. Kf2 b4 38. Nfg3 b3 39. Nf5+ Kf8 0-1